000
00202nam a2200097Ia 4500
008
240331s9999 xx 000 0 und d
082
_b
PAR
100
_a
Paranavitana, S
245
0
_a
Sinhalayo
942
_c
L
999
_c
2030
_d
2030